[Event "FRA-chT4 0304"]
[Site "Bretagne"]
[Date "2004.03.14"]
[Round "6"]
[White "Cougoulic, Alexandre"]
[Black "Perche, Olivier"]
[Result "1/2-1/2"]
[WhiteElo "1600"]
[BlackElo "1560"]
[PlyCount "105"]
[EventDate "2003.10.12"]
[EventType "team-tourn"]
[EventRounds "9"]
[EventCountry "FRA"]
[SourceTitle "EXT 2005"]
[Source "ChessBase"]
[SourceDate "2004.11.15"]
[SourceVersion "1"]
[SourceVersionDate "2004.11.15"]
[SourceQuality "1"]

1. e4 e5 2. Nf3 Nc6 3. d4 exd4 4. Nxd4 Nf6 5. Nxc6 bxc6 6. e5 Nd5 7. Bc4 Nb6 8. Bb3 Be7 9. Qg4 Bf8 10. Qf3 Qe7 11. 0-0 g6 12. Qf6 Qxf6 13. exf6 d5 14. Re1+ Be6 15. Bf4 Bd6 16. Bxd6 cxd6 17. Nd2 Nd7 18. Ba4 Rc8 19. Nf3 Nxf6 20. Nd4 Kd7 21. Re3 Rhe8 22. Rc3 Ke7 23. Rxc6 Rxc6 24. Nxc6+ Kf8 25. Bb3 a6 26. Nd4 Bd7 27. Rd1 Re5 28. Nf3 Rf5 29. Nd4 Re5 30. c3 Ne4 31. Nf3 Bg4 32. Nxe5 Bxd1 33. Bxd5 Nf6 34. Bf3 dxe5 35. Bxd1 Ke7 36. Bb3 Nd7 37. Kf1 f6 38. Ke2 Nc5 39. Bc4 a5 40. f3 Kd6 41. Bg8 h5 42. b4 Na4 43. Bb3 Nxc3+ 44. Kd3 axb4 45. Kc4 Nd5 46. Kb5 f5 47. Bxd5 Kxd5 48. Kxb4 Kd4 49. Kb3 Kd3 50. a4 e4 51. fxe4 fxe4 52. a5 e3 53. a6 1/2-1/2

[Event "FRA-chT4 0304"]
[Site "Bretagne"]
[Date "2003.12.07"]
[Round "3"]
[White "Chwal, Joseph"]
[Black "Perche, Olivier"]
[Result "1-0"]
[WhiteElo "1640"]
[BlackElo "1560"]
[PlyCount "107"]
[EventDate "2003.10.12"]
[EventType "team-tourn"]
[EventRounds "9"]
[EventCountry "FRA"]
[SourceTitle "EXT 2005"]
[Source "ChessBase"]
[SourceDate "2004.11.15"]
[SourceVersion "1"]
[SourceVersionDate "2004.11.15"]
[SourceQuality "1"]

1. d4 d5 2. c4 c6 3. Nf3 Nf6 4. Nc3 e6 5. e3 Bd6 6. Bd3 Nbd7 7. 0-0 0-0 8. cxd5 exd5 9. b3 Re8 10. Bb2 Nf8 11. Rc1 Bc7 12. Ne2 Qd6 13. Ne5 Ng4 14. Ng3 Nxe5 15. dxe5 Qh6 16. f4 Bb6 17. Qf3 Qh4 18. h3 Re6 19. Nf5 Qd8 20. Kh1 Rg6 21. Qf2 Bxf5 22. Bxf5 Rh6 23. Qg3 Ng6 24. e6 Qe7 25. Qg5 fxe6 26. Bxg6 Qxg5 27. Bxh7+ Kxh7 28. fxg5 Rg6 29. Rf7 Bxe3 30. Rcf1 Bxg5 31. Rxb7 Kg8 32. Be5 Bf6 33. Bb8 Rg5 34. a4 Rf5 35. Rxf5 exf5 36. Bxa7 Re8 37. Bf2 Re2 38. Kg1 d4 39. Kf1 Re6 40. Rd7 c5 41. a5 Kf8 42. Rd5 Re5 43. Rxe5 Bxe5 44. a6 Bb8 45. Ke2 Ke7 46. b4 cxb4 47. Bxd4 b3 48. Kd2 b2 49. Bxb2 Ba7 50. Bxg7 Kd6 51. Kd3 Kc6 52. h4 Bb8 53. a7 Bxa7 54. h5 1-0